| 000 | 01850nam a2200481 i 4500 | ||
|---|---|---|---|
| 001 | 15587 | ||
| 003 | KOSZ 005 | ||
| 005 | 20201009134810.0 | ||
| 008 | 200420s1973 pl a f 001 0 pol | ||
| 015 | _aUWD 1973/5984 | ||
| 035 | _a991033773339705066 | ||
| 035 | _a(PL-WaBN)b19037673-48omnis_nlop | ||
| 035 | _ab19037673 | ||
| 035 | _a(OCoLC)831185993 | ||
| 035 | _a(PL)b0000001903767 | ||
| 035 | _a(EXLNZ-48OMNIS_NETWORK)9910229036205606 | ||
| 040 |
_aWA N _cWA N _dKOSZ 005/RW |
||
| 046 | _k1973 | ||
| 080 | _a621.436 | ||
| 100 | 1 |
_aWajand, Jan Aleksander _d(1929-2019) _eAutor |
|
| 245 | 1 | 0 |
_aTrakcyjne silniki z zapłonem samoczynnym : _bsilniki Diesla / _cJan Aleksander Wajand. |
| 250 | _aWydanie 2 rozszerzone i poprawione. | ||
| 260 |
_aWarszawa : _bWydawnictwa Naukowo-Techniczne, _c1973. |
||
| 300 |
_a570, [1] stron, [5] kart tablic : _bilustracje ; _c25 cm. |
||
| 336 |
_aTekst _btxt _2rdacontent |
||
| 337 |
_aBez urządzenia pośredniczącego _bn _2rdamedia |
||
| 338 |
_aWolumin _bnc _2rdacarrier |
||
| 380 | _aKsiążki | ||
| 380 | _aPublikacje fachowe | ||
| 380 | _aPublikacje dydaktyczne | ||
| 388 | _a1901-2000 | ||
| 388 | _a1945-1989 | ||
| 504 | _aBibliografia na stronach 559-[563]. Indeks. | ||
| 521 | 8 | _aKsiążka jest przeznaczona dla inżynierów i techników konstruktorów, eksploatatorów silników oraz dla studentów wyższych uczelni technicznych wydziałów mechanicznych o kierunku energetyczno-cieplnym. | |
| 650 | 7 |
_aSilniki Diesla _2DBN |
|
| 650 | 7 | _aSilniki Diesla | |
| 650 | 7 | _aUkład zapłonowy | |
| 658 | _aInżynieria i technika | ||
| 710 | 2 |
_aWydawnictwa Naukowo-Techniczne _4pbl |
|
| 856 |
_uhttp://koha.tu.koszalin.pl/cgi-bin/koha/opac-detail.pl?biblionumber=15587 _yKatalog online BPK |
||
| 942 |
_2UKD _cKS |
||
| 999 |
_c15587 _d15587 |
||